Metódy zberu nových nápadov pri vývoji nového produktu bakalárska práca
Na minha lista:
| Autor principal: | |
|---|---|
| Autor Corporativo: | |
| Outros Autores: | |
| Formato: | Livro |
| Idioma: | eslovaco |
| Publicado em: |
Bratislava
2014
|
| Tags: |
Sem tags, seja o primeiro a adicionar uma tag!
|
MARC
| LEADER | 00000nbm a2200000 4500 | ||
|---|---|---|---|
| 001 | 0188208 | ||
| 005 | 20170201100542.5 | ||
| 041 | 0 | |a slo | |
| 044 | |a SK | ||
| 245 | 1 | 0 | |a Metódy zberu nových nápadov pri vývoji nového produktu |b bakalárska práca |c Eva Katerinčinová ; školiteľ: Marta Šilhárová |
| 264 | 1 | |a Bratislava |c 2014 | |
| 300 | |a 57 s. | ||
| 100 | 1 | |a Katerinčinová, Eva | |
| 700 | 1 | |a Šilhárová, Marta | |
| 710 | 2 | |a Obchodná fakulta EU. Katedra marketingu | |